Cities with highest foreign born percentage - Statistics

General Stats
  • This quiz has been taken 62 times
  • The average score is 4 of 10
Answer Stats
Hint Answer % Correct
82% Dubai
83%
43% Singapore
67%
45% Toronto
54%
51% Miami
48%
39% Vancouver
39%
39% Auckland
26%
45% Muscat
22%
47% Amsterdam
19%
39% Geneva
11%
38% Mecca
11%
No matching quizzes found
Score Distribution
Percent of People with Each Score
Percentile by Number Answered
Your Score History
You have not taken this quiz